[Event "Let's Play Chess!"]
[Site "http://www.queenalice.com/game.php?id=132127"]
[Date "2006.11.22"]
[Round "-"]
[White "Topalove"]
[Black "prmntgen"]
[Result "1/2-1/2"]
[WhiteElo "1734"]
[BlackElo "1641"]

1. d4 d5 2. c4 dxc4 3. Nc3 c6 4. a4 Nf6 5. e4 c5 6. d5 e6 7. Bxc4 exd5 8. exd5
Bd6 9. Nge2 Bg4 10. O-O O-O 11. f3 Bd7 12. Ne4 Nxe4 13. fxe4 f5 14. exf5 Bxf5
15. Bf4 Qc7 16. Bxd6 Qxd6 17. Ng3 Bg6 18. Rxf8+ Qxf8 19. d6+ Bf7 20. Bxf7+ Qxf7
21. Qd2 Nc6 22. Rf1 Qa2 23. Nf5 Nd4 24. Nxd4 cxd4 25. Qxd4 Qe6 26. Rd1 b6 27.
Qh4 Qf6 28. Qc4+ Qf7 29. Qc7 Qf6 30. Qe7 Qf8 31. Qc7 Qf6 32. d7 Rd8 33. Qxa7
Qxb2 34. Qc7 Qf6 35. a5 bxa5 36. Qxa5 h6 37. Qh5 Qf7 38. Qb5 Kh7 39. Qd3+ Qg6
40. Qxg6+ Kxg6 41. Kf2 Kf6 42. Kf3 Ke6 43. Kf4 Rxd7 44. Rxd7 Kxd7 45. Kf5 Ke7
46. Kg6 Kf8 47. g4 Kg8 48. h3 Kh8 49. Kf5 Kh7 50. h4 Kg8 51. g5 1/2-1/2

[Event "Let's Play Chess!"]
[Site "http://www.queenalice.com/game.php?id=132128"]
[Date "2006.11.22"]
[Round "-"]
[White "Dean20"]
[Black "Topalove"]
[Result "0-1"]
[WhiteElo "1785"]
[BlackElo "1700"]

1. e4 e6 2. Nc3 d5 3. exd5 exd5 4. Qe2+ Be6 5. Qb5+ Nd7 6. Nxd5 b6 7. d3 Bc5 8.
Ne3 Nf6 9. Nf3 O-O 10. d4 a6 11. Qd3 Be7 12. d5 Nc5 13. Qd2 Nxd5 14. c4 Ne4 15.
Qd3 Nxe3 16. Bxe3 Bb4+ 17. Nd2 Bxd2+ 18. Bxd2 Nxd2 0-1

[Event "Let's Play Chess!"]
[Site "http://www.queenalice.com/game.php?id=132351"]
[Date "2006.11.22"]
[Round "-"]
[White "CampbellMarcel"]
[Black "Topalove"]
[Result "1-0"]
[WhiteElo "1652"]
[BlackElo "1705"]

1. e4 e6 2. Nf3 d5 3. exd5 exd5 4. d4 Bd6 5. Bg5 f6 6. Bh4 Nc6 7. Bb5 Ne7 8. O-O
Bg4 9. h3 Bh5 10. g4 Bg6 11. Nc3 Qd7 12. Re1 O-O-O 13. a4 Rhe8 14. Bxc6 Qxc6 15.
Nb5 Qb6 16. Nxd6+ Qxd6 17. Bg3 Qb4 18. c3 Qxb2 19. Re2 Qxc3 20. Rc1 Qa5 21. Bxc7
Qxc7 22. Rxc7+ Kxc7 23. Qe1 Nc6 24. Re3 Re4 25. Rxe4 Bxe4 26. Nd2 Bg6 27. f4
Nxd4 28. Qe7+ Rd7 29. Qc5+ Nc6 30. f5 Be8 31. Nf3 b6 32. Qf8 Kd8 33. g5 Rf7 34.
Qa3 fxg5 35. Nxg5 Rxf5 36. Qd6+ Bd7 37. Nxh7 Rh5 38. Nf8 1-0

[Event "Let's Play Chess!"]
[Site "http://www.queenalice.com/game.php?id=132457"]
[Date "2006.11.23"]
[Round "-"]
[White "Topalove"]
[Black "claudiopsi"]
[Result "1-0"]
[WhiteElo "1687"]
[BlackElo "1859"]

1. d4 Nf6 2. Nf3 d5 3. Bf4 Nc6 4. e3 e6 5. h3 Be7 6. c4 O-O 7. Nc3 a6 8. h4 Bd7
9. h5 Ne4 10. Bd3 Nxc3 11. bxc3 dxc4 12. Bxc4 b5 13. Bd3 Na5 14. Ne5 Bd6 15.
Nxd7 Qxd7 16. Qg4 1-0

[Event "Let's Play Chess!"]
[Site "http://www.queenalice.com/game.php?id=132458"]
[Date "2006.11.23"]
[Round "-"]
[White "Brandt"]
[Black "Topalove"]
[Result "1-0"]
[WhiteElo "1736"]
[BlackElo "1721"]

1. d4 d5 2. c4 c6 3. Nc3 Nf6 4. c5 Bf5 5. Nf3 b5 6. b4 a5 7. bxa5 Qxa5 8. Bd2
Qc7 9. a4 bxa4 10. Rxa4 e6 11. Rxa8 1-0

[Event "Let's Play Chess!"]
[Site "http://www.queenalice.com/game.php?id=132459"]
[Date "2006.11.23"]
[Round "-"]
[White "Topalove"]
[Black "Brandt"]
[Result "0-1"]
[WhiteElo "1719"]
[BlackElo "1774"]

1. d4 Nf6 2. Nf3 d5 3. Bf4 e6 4. h3 Nc6 5. e3 Be7 6. c4 O-O 7. Nc3 Bb4 8. Rc1
Ne4 9. Qb3 Bxc3+ 10. bxc3 b6 11. cxd5 exd5 12. c4 Ne7 13. cxd5 Nxd5 14. Bh2 Be6
15. Qd3 Nef6 16. e4 Nb4 17. Qb1 Nxa2 18. Bxc7 Qc8 19. d5 Nxc1 20. Qxc1 Bxd5 21.
exd5 Nxd5 22. Bf4 Nxf4 23. Qxf4 Qc3+ 24. Nd2 Rfe8+ 25. Be2 Qc1# 0-1

[Event "1 e4 c5 2 Na3 *"]
[Site "http://www.queenalice.com/game.php?id=139147"]
[Date "2006.12.9"]
[Round "1"]
[White "AntonioMendonca"]
[Black "Topalove"]
[Result "1-0"]
[WhiteElo "1888"]
[BlackElo "1748"]

1. e4 e6 2. Na3 c5 3. Nf3 Nc6 4. c3 d5 5. exd5 exd5 6. d4 cxd4 7. Nb5 dxc3 8.
Bf4 Qa5 9. bxc3 Nf6 10. Nc7+ Kd8 11. Nxa8 Qxc3+ 12. Bd2 Qc5 13. Be2 Ng4 14. O-O
d4 15. Rc1 Qa3 16. Qb3 Qd6 17. h3 h5 18. Rfe1 Be7 19. Qxf7 Be6 20. Qf4 Nge5 21.
Bb5 Nxf3+ 22. Qxf3 Bd5 23. Qf4 Qxf4 24. Bxf4 1-0

[Event "Challenge"]
[Site "http://www.queenalice.com/game.php?id=139965"]
[Date "2006.12.11"]
[Round "-"]
[White "philler"]
[Black "Topalove"]
[Result "1/2-1/2"]
[WhiteElo "1683"]
[BlackElo "1755"]

1. d4 d5 2. c4 c6 3. Nf3 Nf6 4. Nc3 Bf5 5. Nh4 Bg6 6. Nxg6 hxg6 7. Bg5 Nbd7 8.
cxd5 cxd5 9. g3 e6 10. Bg2 Bd6 11. e3 Qa5 12. O-O O-O-O 13. Rc1 Kb8 14. Na4 Rc8
15. Rxc8+ Rxc8 16. a3 Nh7 17. b4 Qc7 18. f4 f6 19. Bh4 g5 20. fxg5 fxg5 21. Qd3
Rh8 22. Bxg5 Nxg5 23. Qg6 Bxg3 24. h3 Nxh3+ 25. Bxh3 Rxh3 26. Qe8+ Qc8 27. Qxc8+
Kxc8 28. Kg2 Rh2+ 29. Kxg3 Ra2 30. Rc1+ Kd8 31. Rc3 Nf6 32. Nc5 Ne4+ 33. Nxe4
dxe4 34. Kf4 Rf2+ 1/2-1/2

[Event "Challenge"]
[Site "http://www.queenalice.com/game.php?id=139967"]
[Date "2006.12.11"]
[Round "-"]
[White "Tenna"]
[Black "Topalove"]
[Result "1/2-1/2"]
[WhiteElo "1781"]
[BlackElo "1725"]

1. e4 e6 2. d4 d5 3. Nc3 Nf6 4. Bg5 Be7 5. e5 Nfd7 6. Bxe7 Qxe7 7. f4 c5 8. Nf3
a6 9. Bd3 f5 10. Ng5 cxd4 11. Ne2 Nc6 12. Nf3 Qb4+ 13. Kf2 O-O 14. Rb1 b5 15.
Qd2 Qxd2 16. Nxd2 Nc5 17. Nf3 Ne4+ 18. Bxe4 fxe4 19. Nfxd4 Nxd4 20. Nxd4 Rxf4+
21. Ke3 Rf7 22. a3 Bd7 23. Ra1 Raf8 24. Rae1 Rf2 25. Re2 R2f7 26. Rd1 Rf1 27.
Ree1 R1f2 28. Re2 R2f7 1/2-1/2

[Event "Amigo Secreto I"]
[Site "http://www.queenalice.com/game.php?id=144171"]
[Date "2006.12.20"]
[Round "1"]
[White "Topalove"]
[Black "PauloSantoro"]
[Result "0-1"]
[WhiteElo "1752"]
[BlackElo "2012"]

1. d4 Nf6 2. Nf3 e6 3. Bf4 b6 4. e3 Bb7 5. h3 Be7 6. Bd3 c5 7. c3 O-O 8. Nbd2 d6
9. e4 d5 10. e5 Ne4 11. Qc2 f5 12. exf6 Rxf6 13. Be5 Rg6 14. Nxe4 dxe4 15. Bxe4
Bxe4 16. Qxe4 Qd5 17. Qxd5 exd5 18. O-O c4 19. Rfe1 Nc6 20. Bg3 Rf8 21. Re2 Bd6
0-1

[Event "TAS-II-r1-j20"]
[Site "http://www.queenalice.com/game.php?id=153010"]
[Date "2007.1.12"]
[Round "-"]
[White "Topalove"]
[Black "antonius"]
[Result "0-1"]
[WhiteElo "1747"]
[BlackElo "2177"]

1. d4 Nf6 2. Nf3 e6 3. c4 Bb4+ 4. Bd2 Qe7 5. e3 Nc6 6. Bd3 Bxd2+ 7. Qxd2 O-O 8.
O-O b6 9. b4 Nxb4 10. Nc3 Nxd3 11. Qxd3 Ba6 12. e4 d5 13. exd5 exd5 14. Rae1 Qd6
15. Nd2 Ng4 0-1

[Event "TAS-II-r3-j20"]
[Site "http://www.queenalice.com/game.php?id=167618"]
[Date "2007.2.12"]
[Round "-"]
[White "Topalove"]
[Black "AntonioMendonca"]
[Result "0-1"]
[WhiteElo "1728"]
[BlackElo "1914"]

1. d4 Nf6 2. c4 g6 3. Nf3 Bg7 4. Nc3 O-O 5. e4 d6 6. Be2 Na6 7. Be3 e5 8. O-O
Ng4 9. Qd2 exd4 10. Bxd4 Bh6 11. Qd3 Nb4 12. Qd1 c5 0-1